| 000 | 00488nam a22001697a 4500 | ||
|---|---|---|---|
| 005 | 20251108164942.0 | ||
| 008 | 250721s1998 xx 000 0 ara d | ||
| 082 | 1 | 4 | _a658/علا |
| 100 | 1 | _aالعلاق، بشير | |
| 245 | 1 | 0 | _aأسس الإدارة الحديثة / |
| 264 | 1 |
_aعمان : _bدار اليازوري العلمية، _c1998. |
|
| 300 | _a383ص | ||
| 650 | 1 | 7 | _aإدارة الأعمال |
| 650 | 1 | 7 | _aإدارة الأفراد |
| 942 |
_2ddc _cBK |
||
| 999 |
_c18247 _d18247 |
||